=LDR 00000nam 2200000 4500 =001 INLIS000000000021454 =005 20130612120320 =008 ***********************************Ind** =035 ##$$0010-061300000021454 =041 ##$$a Ind =082 ##$$a 641.44 =090 ##$$a 641.44, Wid p =100 ##$$a Widayati Noviana =245 ##$$a Pengering Hasil Panen dengan Tenaga Sekam, Noviana Widayati =260 ##$$a 1996 $b Jakarta =300 ##$$a 28 hlm, Ilus, 21 cm =650 ##$$a Pengering Hasil Panen =850 ##$$a NBPNMAT